00598 2200205 4500001002100000005001700021008004100038020001800079035002500097084001700122100002000139245008500159250001100244260003500255300002200290650003800312850001200350999001500362999001500377YOGYA-0209000004072820150810091354.0 ind  a979-730-671-2 a0010-020900000040728 aR 433bHid K aHIDAYAT, Amin F aKamus Indonesia - Jerman = (Worterbuch Indonesisches deutsch)c/ Amir F. Hidayat aCet. 1 aBandungbPustaka Grafikac2005 a568 hlm. ;c24 cm aBahasa Jerman - Kamus - Indonesia aYOPDYOG a07B0032225 a07B0032226